Fracaso escolar : el exito prohibido (Registro nro. 4088)

Detalles MARC
001 - NÚMERO DE CONTROL
campo de control 4600
005 - FECHA Y HORA DE LA ÚLTIMA TRANSACCIÓN
campo de control 20260428104343.0
008 - DATOS DE LONGITUD FIJA--INFORMACIÓN GENERAL
campo de control de longitud fija 950915s1994 spa
020 ## - NÚMERO INTERNACIONAL ESTÁNDAR DEL LIBRO
Número Internacional Estándar del Libro 950701246X
035 ## - NÚMERO DE CONTROL DEL SISTEMA
Número de control de sistema 4600
035 ## - NÚMERO DE CONTROL DEL SISTEMA
Número de control de sistema (OCoLC)689538542
040 ## - FUENTE DE LA CATALOGACIÓN
Centro/agencia transcriptor comduadb
041 ## - CÓDIGO DE LENGUA
Código de lengua del texto/banda sonora o título independiente spa
082 #4 - NÚMERO DE LA CLASIFICACIÓN DECIMAL DEWEY
Número de clasificación 371
100 10 - ENTRADA PRINCIPAL--NOMBRE DE PERSONA
Nombre de persona Oyola, Carlos A.
Código de función aut
Término indicativo de función/relación Autor/a
9 (RLIN) 239480
245 10 - MENCIÓN DE TÍTULO
Título Fracaso escolar : el exito prohibido
260 ## - PUBLICACIÓN, DISTRIBUCIÓN, ETC.
Lugar de publicación, distribución, etc. Argentina :
Nombre del editor, distribuidor, etc. Aique Grupo Editor,
Fecha de publicación, distribución, etc. 1994.
300 ## - DESCRIPCIÓN FÍSICA
Extensión 239 páginas
500 ## - NOTA GENERAL
Nota general Compra:Libreria la Polilla:Feb/95.
650 ## - PUNTO DE ACCESO ADICIONAL DE MATERIA--TÉRMINO DE MATERIA
Término de materia o nombre geográfico como elemento de entrada Educacion de niños pobres
9 (RLIN) 366
650 #7 - PUNTO DE ACCESO ADICIONAL DE MATERIA--TÉRMINO DE MATERIA
Término de materia o nombre geográfico como elemento de entrada Deserción escolar
Fuente del encabezamiento o término
9 (RLIN) 58581
650 #7 - PUNTO DE ACCESO ADICIONAL DE MATERIA--TÉRMINO DE MATERIA
Término de materia o nombre geográfico como elemento de entrada Sociología de la educación
Fuente del encabezamiento o término embne
9 (RLIN) 137011
700 10 - ENTRADA AGREGADA--NOMBRE PERSONAL
Nombre de persona Barila, Maria I.
Código de función aut
Término indicativo de función/relación Autor/a
9 (RLIN) 472734
700 10 - ENTRADA AGREGADA--NOMBRE PERSONAL
Nombre de persona Figueroa, Eduardo D.
Código de función aut
Término indicativo de función/relación Autor/a
9 (RLIN) 317483
700 10 - ENTRADA AGREGADA--NOMBRE PERSONAL
Nombre de persona Gennari, Stella M.
Código de función aut
Término indicativo de función/relación Autor/a
9 (RLIN) 239569
700 10 - ENTRADA AGREGADA--NOMBRE PERSONAL
Nombre de persona Leonardo, Cristina L.
Código de función aut
Término indicativo de función/relación Autor/a
9 (RLIN) 317484
942 ## - ELEMENTOS DE ENTRADA AGREGADA (KOHA)
Tipo de ítem Koha Libros
Existencias
Estado de retiro Estado de pérdida Estado dañado No para préstamo Código de colección Localización permanente Ubicación/localización actual Fecha de adquisición Número de inventario Total de préstamos Signatura topográfica completa Código de barras Fecha visto por última vez Número de copia Precio válido a partir de Tipo de ítem Koha
        Colección General Piso 2 Biblioteca Carlos Gaviria Díaz, Campus Medellín Biblioteca Carlos Gaviria Díaz, Campus Medellín 11/07/1997 C5544   371.2913 F797 61000001608344 20/04/2023 1 20/04/2023 Libros
        Colección General Piso 2 Biblioteca Carlos Gaviria Díaz, Campus Medellín Biblioteca Carlos Gaviria Díaz, Campus Medellín 28/04/1998 C5545   371.2913 F797 e2 61000002647747 20/04/2023 2 20/04/2023 Libros
        Colección General Piso 2 Biblioteca Carlos Gaviria Díaz, Campus Medellín Biblioteca Carlos Gaviria Díaz, Campus Medellín 25/09/1998 C5546   371.2913 F797 e3 61000002980783 20/04/2023 3 20/04/2023 Libros